Tilastot visalle Suomen kaupungit - kuvavisa

Klikkaa tästä pelataksesi tätä visaa!

Yleistilastot

  • Tätä visaa on pelattu 447 kertaa
  • Keskiarvotulos 8 / 16

Vastaustilastot

Vastaus% Oikein
Lahti
88%
Rovaniemi
82%
Turku
80%
Vantaa
80%
Porvoo
72%
Kuopio
68%
Helsinki
66%
Espoo
64%
Seinäjoki
44%
Tampere
42%
Oulu
29%
Rauma
28%
Pori
27%
Jyväskylä
22%
Mikkeli
13%
Lappeenranta
8%

Tulosjakauma

Persentiili vastausten määrän mukaan

Jokaisen tuloksen saaneiden osuus

Tuloshistoriasi

Et ole pelannut tätä visaa